Quequén, la culebra dinosaurica y otros relatos patagónicos / (Registro nro. 2458)

Detalles MARC
000 -LEADER
fixed length control field 01236nam a2200193 a 4500
008 - CAMPO DE CONTROL (LIBRO)
fixed length control field 161226t2011 ag |||g |||| 000 0 spa d
020 ## - INTERNATIONAL STANDARD BOOK NUMBER
ISBN 9789876042468
092 ## - SIGNATURA TOPOGRAFICA DEWEY LOCAL
número de clasificación 808.88
libristica 26
sección FON
100 1# - ENTRADA PRINCIPAL--NOMBRE PERSONAL
Nombre personal Fonseca, Ricardo
9 (RLIN) 3289
245 ## - TITULO PROPIAMENTE DICHO
Título Quequén, la culebra dinosaurica y otros relatos patagónicos /
Mención de responsabilidad y remanente de la transcripción de la portada Ricardo Fonseca
250 ## - MENCION DE EDICION
Mención de edición 1a ed.
260 ## - PIE DE IMPRENTA
Lugar de publicación, distribución, etc Neuquén:
Nombre de la editorial, distribuidor, etc EDUCO;
Fecha de publicación 2011.
300 ## - DESCRIPCION FISICA
Extension 154 p.
Otros detalles físicos 23x16 cm
500 ## - NOTA GENERAL
Nota general Fonseca, R. (2011). Quequén, la culebra dinosaurica y otros relatos patagónicos. (1a ed.). Neuquén : EDUCO.
505 ## - NOTA DE CONTENIDO
Nota de contenido formateada Sin la imaginación, la realidad terminaría donde empieza. Y el vivir no rebasaría lo rutinario de la mera animalidad. La literatura es "sin duda la actividad que más justifica la materialidad de lo imaginario, en tanto se la lea (o se la escriba) con el deseo de violentar lo oscuro, de poseer un secreto, de transformar lo inerte". (Georges JEan). Amparado en dicha premisa, el autor de estos cuentos, relatos y divertimentos, aspira a que sus posibles lectores/as sientan o compartan el mismo entusiasmo y la misma alegría con que fueron escritos.
590 ## - NOTAS LOCALES (RLIN)
Nota local Proyecto 4to libro. Donación EDUCO, Septiembre 2017.
655 ## - MATERIA - GENERO/FORMA
Género/Forma Cuentos y Relatos
-- 3290
942 ## - ADDED ENTRY ELEMENTS (KOHA)
Source of classification or shelving scheme Dewey Decimal Classification
Item type LITERATURA
Existencias
Estado de retiro Existencia Fuente de clasificación Estado general No para prestamo Ubicación permanente ubicación actual Sala de ubicación Fecha de adquisición Fuente de adquisición Total Checkouts Total Renewals Número de clasificación Código de barras Date last seen Date last borrowed Número de ejemplar Price effective from Koha tipo de elemento (item) Public note
    Dewey Decimal Classification     Biblioteca Medicina Biblioteca Medicina Circulación 19/09/2017 Proyecto 4to libro. Donación EDUCO, Septiembre 2017. 2 3 808.8 26 FON 3918 24/04/2019 19/03/2019 Ej. 1 19/09/2017 LITERATURA Proyecto 4to libro. Donación EDUCO, Septiembre 2017.

UNIVERSIDAD NACIONAL DEL COMAHUE
Biblioteca de la Facultad de Ciencias Médicas
Sede Toschi: Los Arrayanes y Av. Toschi, Cipolletti  - Rio Negro
Sede Los Tordos:  Yrigoyen al 2211, Cipolletti - Rio Negro 

Teléfono: 0299 - 4774707 int 25
Contacto: biblioteca@facimed.uncoma.edu.ar
© 2011 - 2026